Joueurs par photo - Ligue 1 (2019-2020) - Statistiques

Statistiques générales
  • Ce quiz a été pris 86 fois
  • Le résultat moyen est 6 sur 20
Statistiques - réponses
Par images Réponse % Correct
Maxime Lopez
90%
Jesé
67%
Joris Gnagnon
63%
Adrien Silva
51%
Jean Lucas
41%
Nuno Da Costa
40%
Renaud Cohade
40%
Miguel Trauco
33%
Pablo
29%
Charles Traoré
27%
Domagoj Bradaric
27%
Casimir Ninga
24%
Pedro Mendes
24%
Mounir Chouiar
22%
Danilo
21%
Anastasios Donis
13%
Quentin Boisgard
6%
Cristian Battocchio
4%
Kévin Denkey
4%
Haitam Aleesami
1%
Aucun quiz correspondant
Distribution des résultats
% des personnes avec chaque résultat
Percentile par nombre de réponses
Votre historique - résultats
Vous n’avez pas pris ce quiz